000 00808cam a22001934a 4500
005 20250605164226.0
008 250528s ||||||||||||||||||||||||d
035 _a20845
020 _a9789605695606
040 _aGR-AtMCL
_bgre
_dGR-AtMCL
_eAACR2
245 1 _aΓιατί δεν έχω Κέφια;
260 _bΠαπαδόπουλος,
_c2016
300 _a28
520 _aΕίναι νία μέρα βροχερή, μια γκρίζα με βροχή, και το κέφι έχει χαθεί για ένα φιλί που δεν έχει δοθεί! Κανείς δε μιλάει ευγενικά: ούτε η μαμά στον Φίλιππο, ούτε ο Φίλιππος στην αδερφή του...
700 1 _aZolotow Charlotte
_96820
942 _cBK
999 _c5927
_d5927